Statistiken für Charaktere aus "Charmed - Zauberhafte Hexen"

Klicken Sie hier um das Quiz zu spielen!

Allgemein

  • Dieses Quiz wurde 65 mal gespielt
  • Das Durchschnittsergebnis liegt bei 8 aus 12

Antwortstatistiken

SchauspielerRollenname% Korrekt
Holly Marie CombsPiper Halliwell
96%
Shannen DohertyPrudence Halliwell
94%
Alyssa MilanoPhoebe Halliwell
93%
Rose McGowanPaige Matthews
91%
Brian KrauseLeonardo „Leo“ Wyatt
85%
Drew FullerChristopher „Chris“ Perry Halliwell
74%
Julian McMahonCole Turner
69%
Kaley CuocoBillie Jenkins
59%
T. W. KingAndrew „Andy“ Trudeau
54%
Greg VaughanDan Gordon
41%
Dorian GregoryDarryl Morris
39%
Karis Paige BryantJenny Gordon
28%

Verteilung der Resultate

Perzentil nach korrekt beantworteten Fragen

Anzahl Personen mit jedem Resultat

Ihre Resultats-Entwicklung

Sie haben dieses Quiz noch nicht gespielt